000 01282nam a2200277 i 4500
001 35623
003 ES-MaACL
005 20251204171332.0
008 211221s2017 sp a l001 0 spa
020 _a978-84-7812-784-9
080 _a75.036(460.271)(083.824)
110 2 _aMuseo de Arte Contemporáneo (Madrid)
_95891
245 1 0 _aPongamos que hablo de Madrid :
_b[exposición] del 23 de noviembre de 2017 al 25 de febrero de 2018, Instituto Cultural Cabañas /
_c[comisario, Fernando Castro Flórez ; textos, Miguel Cabañas Bravo, Fernando Castro Flórez ; fotografía, Luis Asin].
260 _a[Madrid] :
_bMuseo de Arte Contemporáneo de Madrid,
_c[2017]
300 _a157 p. :
_bprincipalmente il. col. ;
_c31 cm.
610 2 4 _aMuseo de Arte Contemporáneo (Madrid)-
_xColecciones de arte.
_9173880
650 4 _aArte-
_zMadrid-
_yS.XX-
_vExposiciones.
_9173881
655 7 _2tgfbne
_9193628
_aCatálogos de exposiciones
700 1 _aCastro Flórez, Fernando.
_9143205
700 1 _aCabañas Bravo, Miguel,
_d1963-
_9173882
700 1 _aAsín, Luis,
_d1962-
_9173737
710 2 _aInstituto Cultural Cabañas.
_9173883
852 4 _aES-MaACL
_jA-14801
_9 36921
_bR.152089
_cDEPO1
_dOlim: N-7801
_hDonación: Editorial
942 _2udc
999 _c35623
_d35623